000
00266nam a2200121Ia 4500
100
_a
Oulsnam S R
942
_c
BK
654
_a
Mechanics
245
_a
Mechanics Of Materials & Machine
260
_b
Mac Millian And Co.
082
_a
620.1
_b
Dul
546
_a
ENGLISH
999
_c
25802
_d
25802